Carbon sequestration and soil fertility of tropical tree plantations and secondary forest established on degraded land (Record no. 55161)

MARC details
000 -LEADER
fixed length control field 02063nam a2200229Ia 4500
100 ## - MAIN ENTRY--AUTHOR NAME
Personal name sang MinhPhan
245 #0 - TITLE STATEMENT
Title Carbon sequestration and soil fertility of tropical tree plantations and secondary forest established on degraded land
260 ## - PUBLICATION, DISTRIBUTION, ETC. (IMPRINT)
Name of publisher Plant and Soil
Year of publication 2013
300 ## - PHYSICAL DESCRIPTION
Number of Pages 187-200
520 ## - SUMMARY, ETC.
Summary, etc Purpose:Much tropical land requires rehabilitation but the capacity of reforestation with plantations or naturally regenerating secondary forests for overcoming soil degradation remains unclear. We hypothesised that desirable effects, including improved soil fertility and carbon sequestration, are achieved to a agreater extent in Acacia mangium plantations and secondary forests than in Eucalyptus urophylla plantations. Methods: We tested our hypothesis soil and climate gradients in Vietnam with linear mixed-effect models and other, comparing A. mangium and E. urophylla plantations, secondary forests showed a positive correlation between biomass production and desirable soils properties including increased soil carbon, nitrogen and phosphurus, and reduced bulk density. All plantations, but not secondary forests, caused increases in soil acidity. Eight-year old A. mangium plantations contained most carbon in biomass+soil, and secondary forests and pastures had similar a higher soil carbon. E. urophylla plantations had the lowest soil carbon status, raising doubt about their sequestration capacity in current 6-8 uear rotations. Conclusion: The study demonstrate that appropriate reforestation enhances soil fertility and promotes carbon sequestration on degraded tropical lands and that unmanaged secondary forests are effective at improving soil fertility and sequestering carbon at low cost.
650 ## - SUBJECT ADDED ENTRY--TOPICAL TERM
Topical Term Aboveground biomass
650 ## - SUBJECT ADDED ENTRY--TOPICAL TERM
Topical Term Acacia mangium
650 ## - SUBJECT ADDED ENTRY--TOPICAL TERM
Topical Term Eucalyptus urophylla
650 ## - SUBJECT ADDED ENTRY--TOPICAL TERM
Topical Term Land rehabilitation
650 ## - SUBJECT ADDED ENTRY--TOPICAL TERM
Topical Term Land use
650 ## - SUBJECT ADDED ENTRY--TOPICAL TERM
Topical Term Soil restoration
700 ## - ADDED ENTRY--PERSONAL NAME
Personal name Bonner Mark
700 ## - ADDED ENTRY--PERSONAL NAME
Personal name Lamb David
700 ## - ADDED ENTRY--PERSONAL NAME
Personal name Schmidt Susanne
942 ## - ADDED ENTRY ELEMENTS (KOHA)
Koha item type Journals
Holdings
Withdrawn status Lost status Damaged status Not for loan Home library Current library Shelving location Date acquired Serial Enumeration / chronology Koha item type
      Journals RRII Library RRII Library Climate change 19/08/2013 Volume 362, Issue 02-Jan Journals